Zwycięscy ligi mistrzów 2005-2023 - Statystyki

Ogólne statystyki
  • Ten quiz został rozwiązany 189 razy
  • Średni wynik to 17 z 19
Statystyki odpowiedzi
Rok Klub % Poprawnych
2022 Real Madryt
99%
2018 Real Madryt
99%
2017 Real Madryt
99%
2016 Real Madryt
99%
2014 Real Madryt
99%
2015 Fc Barcelona
96%
2011 Fc Barcelona
96%
2009 Fc Barcelona
96%
2006 Fc Barcelona
96%
2019 Liverpool
86%
2005 Liverpool
86%
2023 Manchester City
86%
2020 Bayern
83%
2013 Bayern
83%
2021 Chelsea
79%
2012 Chelsea
79%
2008 Manchester United
73%
2007 Ac Milan
72%
2010 Inter Mediolan
62%
Nie znaleziono quizów pasujących do podanych kryteriów
Rozkład punktacji
Procent ludzi z każdym wynikiem
Percentyl według liczby udzielonych odpowiedzi
Twoja historia wyników
Nie rozwiązałeś tego quizu